000 00906cam a2200193 4500
001 WB3637-06
008 000000n2000 000 0 eng u
035 _a(Sirsi) u108412
245 _aPower plants not to be built
260 _c2000
490 _aFinancial Times
_v 21 September 2000, 7(1)
520 _aA third of planned combined heat and power plants will not be built, according to a survey by the Combined Heat and Power Association. Factors blamed for the loss in confidence are the impact of the climate change levy, falling electricity prices, and higher gas charges. The report states power plants need to be exempt from the climate change levy, or future investment in power plants looks unlikely.
590 _aWB
650 _aCOMBINED HEAT AND POWER
650 _aCLIMATE CHANGE LEVY
650 _aPOWER PLANTS
690 _aENVIRONMENTAL AND LAND CONSULTANCY-ENERGY
942 _n0
999 _c64728
_d64728